[Event "Krakow ICC op-B"]
[Site "Krakow"]
[Date "2024.06.23"]
[Round "2"]
[White "Gbyl, Andrzej"]
[Black "Gierhardt, Vito"]
[Result "1-0"]
[WhiteElo "2152"]
[BlackElo "1807"]
[PlyCount "69"]
[EventDate "2024.06.20"]
[EventType "swiss"]
[EventRounds "9"]
[EventCountry "POL"]
[SourceTitle "EXT 2025"]
[Source "ChessBase"]
[SourceDate "2024.10.14"]
[SourceVersion "1"]
[SourceVersionDate "2024.10.14"]
[SourceQuality "1"]

1. d4 Nf6 2. c4 c5 3. d5 b5 4. cxb5 a6 5. Nc3 axb5 6. e4 d6 7. Bxb5+ Nbd7 8. Nf3 g6 9. e5 Ng4 10. e6 fxe6 11. dxe6 Bg7 12. exd7+ Bxd7 13. Bxd7+ Qxd7 14. Qd5 Rb8 15. Ng5 Rf8 16. 0-0 Bd4 17. Nxh7 Rxf2 18. Rxf2 Bxf2+ 19. Kh1 Kd8 20. h3 Ne5 21. Ng5 Qf5 22. Nce4 Bd4 23. Ne6+ Kc8 24. Bf4 Rxb2 25. Bxe5 Bxe5 26. Qc6+ Kb8 27. Qc7+ Ka8 28. Qc6+ Kb8 29. Qe8+ Ka7 30. Qa4+ Kb6 31. Nd8 Rb5 32. Qa8 Qf4 33. Qb7+ Ka5 34. Nc6+ Ka4 35. Qa6+ 1-0

[Event "Krakow ICC op-B"]
[Site "Krakow"]
[Date "2024.06.22"]
[Round "1"]
[White "Orlowski, Krzysztof"]
[Black "Gbyl, Andrzej"]
[Result "0-1"]
[WhiteElo "1669"]
[BlackElo "2152"]
[PlyCount "64"]
[EventDate "2024.06.20"]
[EventType "swiss"]
[EventRounds "9"]
[EventCountry "POL"]
[SourceTitle "EXT 2025"]
[Source "ChessBase"]
[SourceDate "2024.10.14"]
[SourceVersion "1"]
[SourceVersionDate "2024.10.14"]
[SourceQuality "1"]

1. d4 Nf6 2. c4 c5 3. d5 b5 4. cxb5 a6 5. Nc3 axb5 6. Nxb5 Ba6 7. Nc3 g6 8. e4 Bxf1 9. Kxf1 d6 10. g3 Bg7 11. Kg2 0-0 12. h4 h5 13. Nh3 Nbd7 14. Re1 Qb8 15. Qc2 Qb4 16. Nf4 Rfb8 17. Nd3 Qb7 18. Rb1 Nb6 19. b3 Rc8 20. Nb2 Ng4 21. Nc4 Nxc4 22. bxc4 Qa6 23. Nb5 Qxa2 24. Re2 Qa4 25. Bf4 Bd4 26. Qc1 Be5 27. f3 Bxf4 28. gxf4 Nf6 29. e5 Ne8 30. e6 f5 31. Kh3 Kh7 32. Qc3 Ng7 0-1

[Event "Malopolska-ch"]
[Site "Krakow"]
[Date "2024.06.01"]
[Round "6"]
[White "Gbyl, Andrzej"]
[Black "Brzezina, Piotr"]
[Result "0-1"]
[WhiteElo "2143"]
[BlackElo "2295"]
[PlyCount "60"]
[EventDate "2024.05.30"]
[EventType "swiss"]
[EventRounds "7"]
[EventCountry "POL"]
[SourceTitle "EXT 2025"]
[Source "ChessBase"]
[SourceDate "2024.10.14"]
[SourceVersion "1"]
[SourceVersionDate "2024.10.14"]
[SourceQuality "1"]

1. d4 Nf6 2. Nf3 e6 3. e3 b6 4. Nbd2 Bb7 5. Bd3 d5 6. 0-0 Bd6 7. b3 0-0 8. Bb2 c5 9. Ne5 Nc6 10. a3 Rc8 11. f4 Ne7 12. Qe2 Ne4 13. Nxe4 dxe4 14. Bc4 cxd4 15. Bxd4 Nf5 16. Rad1 Qc7 17. Ba1 Rfd8 18. b4 a5 19. Bb3 axb4 20. axb4 Bxb4 21. Qh5 Nxe3 22. Rxd8+ Rxd8 23. f5 Nxf1 24. Nxf7 g6 25. Nh6+ Kf8 26. Qh4 Qc5+ 27. Kh1 Ng3+ 28. hxg3 Rd1+ 29. Kh2 Qg1+ 30. Kh3 Qh1+ 0-1

[Event "Malopolska-ch"]
[Site "Krakow"]
[Date "2024.05.31"]
[Round "3"]
[White "Sprzeczka, Emilia"]
[Black "Gbyl, Andrzej"]
[Result "0-1"]
[WhiteElo "2017"]
[BlackElo "2143"]
[PlyCount "108"]
[EventDate "2024.05.30"]
[EventType "swiss"]
[EventRounds "7"]
[EventCountry "POL"]
[SourceTitle "EXT 2025"]
[Source "ChessBase"]
[SourceDate "2024.10.14"]
[SourceVersion "1"]
[SourceVersionDate "2024.10.14"]
[SourceQuality "1"]

1. e4 c6 2. d4 d5 3. e5 c5 4. c3 cxd4 5. cxd4 Nc6 6. Nc3 e6 7. Nf3 Bd7 8. Bd3 Bb4 9. 0-0 a6 10. Kh1 Nge7 11. Be3 h6 12. Bc2 Na5 13. Ne2 Nc8 14. Ne1 Nc4 15. Bc1 Na7 16. f4 g6 17. g4 h5 18. f5 hxg4 19. fxe6 Bxe6 20. Rf6 Be7 21. Bg5 Rh5 22. Qc1 Qb6 23. Nf4 Rxg5 24. Nxe6 Bxf6 25. Nxg5 Be7 26. Qf4 Bxg5 27. Qxg5 Qe6 28. Ng2 Qe7 29. Qxg4 Nc6 30. Re1 Qe6 31. Qh4 Qe7 32. Qh8+ Qf8 33. Qh3 Nxd4 34. Bb1 Ne6 35. b3 Nd2 36. Bxg6 0-0-0 37. Qc3+ Kb8 38. Bd3 Nf3 39. Rf1 Nfg5 40. Nf4 Nxf4 41. Rxf4 Qh6 42. Rf1 Qh3 43. Qd2 Ne4 44. Qc2 Ng3+ 45. Kg1 Nxf1 46. Bxf1 Rg8+ 47. Bg2 Qe3+ 48. Qf2 Qe4 49. h3 Qxe5 50. Qxf7 Qe1+ 51. Qf1 Qg3 52. Qe2 d4 53. Kh1 d3 54. Qf3 Qxg2+ 0-1

[Event "POL-chT 2nd League"]
[Site "Jastrzebia Gora"]
[Date "2022.09.08"]
[Round "6.32"]
[White "Paprocki, Jaroslaw"]
[Black "Gbyl, Andrzej"]
[Result "1/2-1/2"]
[WhiteElo "2170"]
[BlackElo "2144"]
[PlyCount "245"]
[EventDate "2022.09.03"]
[EventType "team-swiss"]
[EventRounds "9"]
[EventCountry "POL"]
[SourceTitle "CBM 210 Extra"]
[Source "ChessBase"]
[SourceDate "2022.11.30"]
[SourceVersion "1"]
[SourceVersionDate "2022.11.30"]
[SourceQuality "1"]
[WhiteTeam "Bydgoszcz Wiartrak"]
[BlackTeam "Krakow KKSz"]
[WhiteTeamCountry "POL"]
[BlackTeamCountry "POL"]

1. d4 Nf6 2. c4 g6 3. Nc3 Bg7 4. e4 d6 5. h3 0-0 6. Nf3 c5 7. Be3 Nc6 8. d5 Na5 9. Nd2 e6 10. Bd3 exd5 11. cxd5 a6 12. Rc1 b5 13. b3 Re8 14. 0-0 Bd7 15. Re1 b4 16. Ne2 Bb5 17. Qc2 Qd7 18. Bf4 Re7 19. Ng3 Rae8 20. Nf3 h6 21. Rcd1 c4 22. Bf1 cxb3 23. axb3 Bxf1 24. Kxf1 Rc8 25. Qd3 Ne8 26. e5 dxe5 27. Nxe5 Qb5 28. Qxb5 axb5 29. d6 Nxd6 30. Rxd6 Nxb3 31. Nc6 Rxe1+ 32. Kxe1 Kh7 33. Kd1 Ra8 34. Ne4 Ra1+ 35. Ke2 Nc1+ 36. Bxc1 Rxc1 37. Na5 f5 38. Nb3 Rg1 39. Nec5 Rxg2 40. Ne6 Bc3 41. Nbd4 Bxd4 42. Rxd4 Rh2 43. Rxb4 Rxh3 44. Rxb5 Ra3 45. Rb7+ Kh8 46. Rf7 Ra5 47. Kf3 Rb5 48. Kg3 Ra5 49. Rf6 Kh7 50. Rf7+ Kh8 51. f3 Rb5 52. Nc7 Ra5 53. Rd7 g5 54. Nd5 Kg8 55. Nf6+ Kf8 56. Rh7 Ra3 57. Kg2 Ra2+ 58. Kf1 Ra4 59. Nd7+ Kg8 60. Nf6+ Kf8 61. Nh5 Ra6 62. Rd7 Ra1+ 63. Ke2 Ra6 64. Ng3 Ra2+ 65. Ke1 Ra3 66. Kf2 g4 67. fxg4 fxg4 68. Rh7 Ra6 69. Nh5 Ra3 70. Kg2 Rf3 71. Rxh6 Rh3 72. Rf6+ Ke7 73. Rf5 Ra3 74. Rd5 Ra4 75. Kg3 Ke6 76. Rg5 Kd6 77. Nf4 Ra1 78. Rd5+ Kc6 79. Kxg4 Rc1 80. Rd8 Re1 81. Kf5 Kc7 82. Rd4 Kc6 83. Nd3 Rh1 84. Ke4 Rh4+ 85. Nf4 Rh7 86. Ke5 Rh1 87. Rd6+ Kc5 88. Nd3+ Kc4 89. Ke4 Rh4+ 90. Nf4 Kc5 91. Rg6 Kb5 92. Ke5 Rh1 93. Rd6 Kc5 94. Nd3+ Kc4 95. Rd4+ Kc3 96. Nf4 Re1+ 97. Kd5 Re8 98. Rd3+ Kc2 99. Rg3 Rh8 100. Kc4 Rc8+ 101. Kd4 Rh8 102. Rc3+ Kd2 103. Ra3 Rd8+ 104. Nd5 Ke2 105. Rh3 Kf2 106. Rd3 Kg2 107. Ke3 Re8+ 108. Kd2 Kf2 109. Nc3 Re7 110. Nd1+ Kg2 111. Ne3+ Kf2 112. Ng4+ Kg2 113. Nh6 Ra7 114. Nf5 Ra8 115. Ke3 Ra4 116. Rd2+ Kh3 117. Rd5 Kg4 118. Nh6+ Kh4 119. Nf7 Kg4 120. Rg5+ Kh4 121. Rf5 Kg4 122. Rg5+ Kh4 123. Rf5 1/2-1/2

[Event "POL-chT 2nd League"]
[Site "Jastrzebia Gora"]
[Date "2022.09.05"]
[Round "3.26"]
[White "Gbyl, Andrzej"]
[Black "Okrucinski, Tadeusz"]
[Result "1-0"]
[WhiteElo "2144"]
[BlackElo "2182"]
[PlyCount "24"]
[EventDate "2022.09.03"]
[EventType "team-swiss"]
[EventRounds "9"]
[EventCountry "POL"]
[SourceTitle "CBM 210 Extra"]
[Source "ChessBase"]
[SourceDate "2022.11.30"]
[SourceVersion "1"]
[SourceVersionDate "2022.11.30"]
[SourceQuality "1"]
[WhiteTeam "Krakow KKSz"]
[BlackTeam "Gdansk Korona"]
[WhiteTeamCountry "POL"]
[BlackTeamCountry "POL"]

1. d4 Nf6 2. Nf3 c5 3. d5 e6 4. c4 exd5 5. cxd5 d6 6. Nc3 g6 7. e4 Bg7 8. Bf4 0-0 9. Nd2 Nh5 10. Be3 Qh4 11. Bf4 Qd8 12. Be3 Qh4 1-0

[Event "Krakow op-A 32nd"]
[Site "Krakow"]
[Date "2021.12.28"]
[Round "2"]
[White "Piekielny, Pawel"]
[Black "Gbyl, Andrzej"]
[Result "1-0"]
[WhiteElo "2104"]
[BlackElo "2228"]
[PlyCount "69"]
[EventDate "2021.12.27"]
[EventType "swiss"]
[EventRounds "9"]
[EventCountry "POL"]
[SourceTitle "EXT 2023"]
[Source "ChessBase"]
[SourceDate "2022.10.05"]
[SourceVersion "1"]
[SourceVersionDate "2022.10.05"]
[SourceQuality "1"]

1. e4 d5 2. exd5 Nf6 3. Bb5+ Bd7 4. Be2 Bf5 5. d4 Nxd5 6. a3 e6 7. c4 Nb6 8. Nc3 Be7 9. Nf3 0-0 10. Be3 Nc6 11. h3 Bg6 12. b4 Bf6 13. 0-0 e5 14. d5 e4 15. Nd4 Ne5 16. Qb3 c6 17. d6 Nbd7 18. Qc2 Nf3+ 19. Bxf3 exf3 20. Qd2 fxg2 21. Kxg2 c5 22. Nde2 Rc8 23. bxc5 Nxc5 24. Rad1 Qd7 25. Nf4 Ne4 26. Nxe4 Bxe4+ 27. f3 Bf5 28. c5 Be5 29. Nd5 Bxd6 30. Nf6+ gxf6 31. Qxd6 Bxh3+ 32. Kh1 Qf5 33. Rd5 Qe6 34. Rg1+ Kh8 35. Bd4 1-0

[Event "POL-chT 1st League"]
[Site "Szklarska Poreba"]
[Date "2021.09.09"]
[Round "6.12"]
[White "Raczynski, Krzysztof"]
[Black "Gbyl, Andrzej"]
[Result "0-1"]
[WhiteElo "2193"]
[BlackElo "2204"]
[PlyCount "90"]
[EventDate "2021.09.04"]
[EventType "team-swiss"]
[EventRounds "9"]
[EventCountry "POL"]
[SourceTitle "CBM 204 Extra"]
[Source "ChessBase"]
[SourceDate "2021.11.30"]
[SourceVersion "1"]
[SourceVersionDate "2021.11.30"]
[SourceQuality "1"]
[WhiteTeam "Chrobry Gniezno"]
[BlackTeam "Krakow KKSz"]
[WhiteTeamCountry "POL"]
[BlackTeamCountry "POL"]

1. e4 c6 2. d4 d5 3. exd5 cxd5 4. c4 Nf6 5. Nc3 Nc6 6. Bg5 Be6 7. Nf3 g6 8. c5 Bg7 9. Bb5 0-0 10. Bxc6 bxc6 11. Ne5 Qc7 12. Qa4 Rfc8 13. 0-0 Nh5 14. Be3 Rab8 15. b4 Bxe5 16. dxe5 Qxe5 17. Bd2 Qd4 18. Qd1 Qxb4 19. Nxd5 Qxc5 20. Nf4 Nxf4 21. Bxf4 Rb7 22. Qf3 Qf5 23. Qe3 Bd5 24. h3 f6 25. Qg3 Rb2 26. Be3 a6 27. Bd4 Rd2 28. Rfd1 Rxd1+ 29. Rxd1 e5 30. Be3 Rb8 31. Rd2 Bxa2 32. Rd6 Bd5 33. Qh4 g5 34. Qg3 Kg7 35. f3 a5 36. Qf2 a4 37. Qd2 a3 38. Qa5 Qb1+ 39. Kh2 a2 40. Qc7+ Bf7 41. Rd7 Qb3 42. Qa7 Qe6 43. Rd3 Rb3 44. Rxb3 Qxb3 45. Bd2 Qb2 0-1

[Event "POL-chT 1st League"]
[Site "Szklarska Poreba"]
[Date "2021.09.07"]
[Round "4.11"]
[White "Skomial, Mateusz"]
[Black "Gbyl, Andrzej"]
[Result "1-0"]
[WhiteElo "2062"]
[BlackElo "2204"]
[PlyCount "137"]
[EventDate "2021.09.04"]
[EventType "team-swiss"]
[EventRounds "9"]
[EventCountry "POL"]
[SourceTitle "CBM 204 Extra"]
[Source "ChessBase"]
[SourceDate "2021.11.30"]
[SourceVersion "1"]
[SourceVersionDate "2021.11.30"]
[SourceQuality "1"]
[WhiteTeam "Krakow Gens Una Sumus"]
[BlackTeam "Krakow KKSz"]
[WhiteTeamCountry "POL"]
[BlackTeamCountry "POL"]

1. e4 d5 2. exd5 Qxd5 3. Nc3 Qa5 4. d4 Nf6 5. Nf3 c6 6. Bd3 Bg4 7. h3 Bh5 8. 0-0 e6 9. Ne4 Nxe4 10. Bxe4 Nd7 11. Bf4 Nf6 12. Bd3 Be7 13. c3 0-0 14. Qe2 Qd5 15. g4 Bg6 16. Bxg6 hxg6 17. Rfe1 Rad8 18. Bc7 Rc8 19. c4 Qd7 20. Be5 Bd6 21. Rad1 Bb4 22. Rf1 Bd6 23. Ng5 Nh7 24. Ne4 Bb8 25. Qe3 Qe7 26. c5 Rfd8 27. Nd6 Bxd6 28. Bxd6 Qg5 29. Qe5 Qh4 30. Rd3 Nf6 31. Ra3 a6 32. Rb3 Rd7 33. Re1 Ne8 34. Qg3 Qd8 35. Be5 Qe7 36. Qc3 Rcd8 37. Rb4 Rd5 38. Qb3 R8d7 39. Kg2 g5 40. Re4 f6 41. Bg3 Kf7 42. f3 g6 43. Bf2 f5 44. Re1 Rc7 45. Bg3 f4 46. Bf2 Nf6 47. h4 Rd8 48. Rc4 Nd5 49. Rc2 gxh4 50. Rce2 Rh8 51. Qd3 h3+ 52. Kh2 Rg8 53. Re5 Rd7 54. Qe4 Nc7 55. Qxf4+ Qf6 56. Qe4 Nd5 57. Bg3 Re8 58. g5 Qg7 59. Rxe6 Rde7 60. Rxe7+ Rxe7 61. Be5 Qh7 62. Qg4 Re6 63. Re4 Ne7 64. Bf6 Nf5 65. Qf4 Rxe4 66. fxe4 Qh5 67. exf5 Qe2+ 68. Kxh3 Qh5+ 69. Kg3 1-0

[Event "POL-chT 1st League"]
[Site "Szklarska Poreba"]
[Date "2021.09.06"]
[Round "3.7"]
[White "Gbyl, Andrzej"]
[Black "Tomaszewski, Kacper"]
[Result "1/2-1/2"]
[WhiteElo "2204"]
[BlackElo "2302"]
[PlyCount "44"]
[EventDate "2021.09.04"]
[EventType "team-swiss"]
[EventRounds "9"]
[EventCountry "POL"]
[SourceTitle "CBM 204 Extra"]
[Source "ChessBase"]
[SourceDate "2021.11.30"]
[SourceVersion "1"]
[SourceVersionDate "2021.11.30"]
[SourceQuality "1"]
[WhiteTeam "Krakow KKSz"]
[BlackTeam "Rybnik"]
[WhiteTeamCountry "POL"]
[BlackTeamCountry "POL"]

1. d4 Nf6 2. c4 e6 3. Nf3 d5 4. Nc3 Be7 5. Bg5 h6 6. Bh4 0-0 7. e3 Ne4 8. Bxe7 Qxe7 9. Qc2 Nxc3 10. Qxc3 c6 11. Bd3 dxc4 12. Bxc4 Nd7 13. 0-0 b6 14. Rfe1 c5 15. Rad1 Bb7 16. d5 exd5 17. Bxd5 Bxd5 18. Rxd5 Nf6 19. Rd3 Rfd8 20. Red1 Rxd3 21. Qxd3 Rc8 22. h3 Rc7 1/2-1/2

[Event "POL-chT 1st League"]
[Site "Szklarska Poreba"]
[Date "2021.09.04"]
[Round "1.9"]
[White "Gbyl, Andrzej"]
[Black "Luberanski, Jakub"]
[Result "1-0"]
[WhiteElo "2204"]
[BlackElo "2188"]
[PlyCount "71"]
[EventDate "2021.09.04"]
[EventType "team-swiss"]
[EventRounds "9"]
[EventCountry "POL"]
[SourceTitle "CBM 204 Extra"]
[Source "ChessBase"]
[SourceDate "2021.11.30"]
[SourceVersion "1"]
[SourceVersionDate "2021.11.30"]
[SourceQuality "1"]
[WhiteTeam "Krakow KKSz"]
[BlackTeam "Wroclaw Polonia"]
[WhiteTeamCountry "POL"]
[BlackTeamCountry "POL"]

1. d4 Nf6 2. Nf3 g6 3. Bf4 Bg7 4. Nc3 d5 5. e3 c6 6. Be2 Qb6 7. Rb1 0-0 8. Ne5 c5 9. 0-0 cxd4 10. exd4 Nc6 11. Nxc6 Qxc6 12. Re1 a6 13. Bf3 Be6 14. Qd2 Rfc8 15. Re2 b5 16. Rbe1 b4 17. Nd1 a5 18. Ne3 Qa4 19. Be5 Qxa2 20. g4 Bh6 21. Qd3 Bxe3 22. Qxe3 Nd7 23. Bg3 a4 24. Qg5 Nf6 25. Rxe6 fxe6 26. Rxe6 Rf8 27. Rxe7 Rf7 28. Rxf7 Kxf7 29. Be5 Ra6 30. Kg2 Ne4 31. Qh6 Ke6 32. Qxh7 Rc6 33. g5 Nd6 34. Bg4+ Nf5 35. Qxg6+ Kd7 36. Bxf5+ 1-0

[Event "Krakow Malopolska-ch"]
[Site "Krakow"]
[Date "2021.06.03"]
[Round "2"]
[White "Cichon, Jakub"]
[Black "Gbyl, Andrzej"]
[Result "1-0"]
[WhiteElo "1894"]
[BlackElo "2254"]
[PlyCount "139"]
[EventDate "2021.06.03"]
[EventType "swiss"]
[EventRounds "7"]
[EventCountry "POL"]
[SourceTitle "CBM 202 Extra"]
[Source "ChessBase"]
[SourceDate "2021.07.31"]
[SourceVersion "1"]
[SourceVersionDate "2021.07.31"]
[SourceQuality "1"]

1. e4 c6 2. d4 d5 3. Nc3 dxe4 4. Nxe4 Bf5 5. Ng3 Bg6 6. Nf3 Nd7 7. h4 h6 8. h5 Bh7 9. Bd3 Bxd3 10. Qxd3 e6 11. Bd2 Ngf6 12. 0-0-0 Be7 13. Ne4 Nxe4 14. Qxe4 Nf6 15. Qe2 Qd5 16. c4 Qe4 17. Qxe4 Nxe4 18. Be3 f5 19. Nd2 Nf6 20. Nf3 Bd6 21. Ne5 0-0 22. f3 Rfd8 23. Ng6 b5 24. c5 Bf8 25. Bf4 Rd5 26. Be5 Kf7 27. Nf4 Rd7 28. Rhe1 Nd5 29. Ng6 Be7 30. g4 Rad8 31. Re2 Bf6 32. a3 Ne7 33. Bd6 Nc8 34. gxf5 exf5 35. Ne5+ Bxe5 36. Bxe5 Ne7 37. Rh1 Nd5 38. Rg2 Nf6 39. Rg6 f4 40. Rh4 Nxh5 41. Rxc6 Ng3 42. Rxf4+ Kg8 43. Kd2 Re8 44. Ke1 Nh5 45. Rg4 Kh7 46. Kf2 Rf7 47. Ra6 Ref8 48. f4 g5 49. c6 Nf6 50. Bxf6 Rxf6 51. Rxa7+ Kg6 52. d5 Kh5 53. Kg3 Re8 54. Kf3 Rf5 55. Rh7 Kg6 56. Rd7 Re1 57. Rd6+ Kh5 58. c7 Rf1+ 59. Ke2 Rc1 60. Rc6 Rxc6 61. dxc6 Rf8 62. Rg1 g4 63. Kf2 Rxf4+ 64. Kg3 Rf3+ 65. Kg2 Rf8 66. Rd1 Rc8 67. Rd5+ Kh4 68. Rxb5 Rxc7 69. Rc5 h5 70. b4 1-0

[Event "Krakow op-A 30th"]
[Site "Krakow"]
[Date "2020.01.03"]
[Round "8"]
[White "Gbyl, Andrzej"]
[Black "Lewtak, Damian"]
[Result "1/2-1/2"]
[WhiteElo "2243"]
[BlackElo "2379"]
[PlyCount "43"]
[EventDate "2019.12.27"]
[EventType "swiss"]
[EventRounds "9"]
[EventCountry "POL"]
[SourceTitle "CBM 195 Extra"]
[Source "ChessBase"]
[SourceDate "2020.05.31"]
[SourceVersion "1"]
[SourceVersionDate "2020.05.31"]
[SourceQuality "1"]

1. d4 d6 2. c4 g6 3. Nf3 Bg7 4. g3 e5 5. Nc3 exd4 6. Nxd4 Ne7 7. Bg2 Nbc6 8. Be3 0-0 9. 0-0 Re8 10. Rc1 h6 11. Qd2 Ne5 12. Bxh6 Nxc4 13. Qf4 c6 14. Bxg7 Kxg7 15. Nxc6 bxc6 16. Qxc4 d5 17. Qd4+ Kg8 18. e4 Be6 19. Rfd1 Qa5 20. exd5 cxd5 21. b4 Qa3 22. Nb5 1/2-1/2

[Event "Krakow op-A 30th"]
[Site "Krakow"]
[Date "2019.12.30"]
[Round "5"]
[White "Zylka, Stanislaw"]
[Black "Gbyl, Andrzej"]
[Result "1-0"]
[WhiteElo "2334"]
[BlackElo "2243"]
[PlyCount "97"]
[EventDate "2019.12.27"]
[EventType "swiss"]
[EventRounds "9"]
[EventCountry "POL"]
[SourceTitle "CBM 194 Extra"]
[Source "ChessBase"]
[SourceDate "2020.03.31"]
[SourceVersion "1"]
[SourceVersionDate "2020.03.31"]
[SourceQuality "1"]

1. d4 Nf6 2. Bg5 c5 3. Bxf6 gxf6 4. d5 Qb6 5. Qc1 d6 6. c4 f5 7. Nc3 Nd7 8. e3 Bg7 9. Nf3 Ne5 10. Nxe5 Bxe5 11. Bd3 Bd7 12. Rb1 h5 13. h4 0-0-0 14. g3 e6 15. Qc2 Qa5 16. 0-0 Rdg8 17. Kh1 Bf6 18. b4 cxb4 19. Nb5 Bxb5 20. cxb5+ Kb8 21. Qb3 Qd8 22. dxe6 fxe6 23. Qxe6 f4 24. exf4 Bxh4 25. Bf5 Bxg3 26. fxg3 Rxg3 27. Rb3 Rhg8 28. Rxg3 Rxg3 29. Kh2 Rc3 30. Bh3 a5 31. Rd1 Rc2+ 32. Kh1 Qb6 33. Qxd6+ Ka7 34. Qxb6+ Kxb6 35. Be6 Kxb5 36. Rf1 Kc5 37. f5 Kd6 38. Bb3 Rc8 39. f6 Rf8 40. Rf5 a4 41. Bxa4 Ke6 42. Rxh5 Rxf6 43. Kg2 Rf4 44. Rb5 Kd6 45. Rxb7 Kc5 46. Rc7+ Kd4 47. Kg3 Re4 48. Bb3 Re3+ 49. Kf2 1-0

[Event "Krakow Olimpic op"]
[Site "Krakow"]
[Date "2019.10.06"]
[Round "4"]
[White "Palacki, Rafal"]
[Black "Gbyl, Andrzej"]
[Result "0-1"]
[WhiteElo "1745"]
[BlackElo "2220"]
[PlyCount "100"]
[EventDate "2019.10.04"]
[EventType "swiss"]
[EventRounds "5"]
[EventCountry "POL"]
[SourceTitle "EXT 2020"]
[Source "ChessBase"]
[SourceDate "2019.10.17"]
[SourceVersion "1"]
[SourceVersionDate "2019.10.17"]
[SourceQuality "1"]

1. e4 c6 2. d4 d5 3. Nc3 h6 4. Nf3 dxe4 5. Nxe4 Bf5 6. Bd3 e6 7. Bf4 Bxe4 8. Bxe4 Nf6 9. Bd3 Bd6 10. Qd2 Qc7 11. Bxd6 Qxd6 12. 0-0-0 Nbd7 13. Kb1 0-0-0 14. Rhe1 Rhf8 15. c4 Kb8 16. Bc2 Qc7 17. Qc3 c5 18. h3 a6 19. b3 Ka8 20. Rd2 Nb8 21. Qe3 cxd4 22. Nxd4 Nc6 23. Red1 Nb4 24. Be4 Qa5 25. f4 Rd7 26. Bf3 Rfd8 27. Qf2 e5 28. fxe5 Qxe5 29. a3 Ne4 30. Bxe4 Qxe4+ 31. Kb2 Nc6 32. Nxc6 Qxc6 33. Rxd7 Rxd7 34. Rxd7 Qxd7 35. Kc3 f5 36. Qf4 Qe6 37. Qf3 g5 38. g4 Qe1+ 39. Kd4 f4 40. a4 Ka7 41. Kd5 Qe3 42. Qe4 Qxb3 43. a5 Qe3 44. Qg6 Qd2+ 45. Ke5 Qxa5+ 46. Ke4 Qb6 47. Qg7 Qe3+ 48. Kd5 f3 49. Qc7 f2 50. c5 Qb3+ 0-1

[Event "Krakow Olimpic op"]
[Site "Krakow"]
[Date "2019.10.04"]
[Round "1"]
[White "Gbyl, Andrzej"]
[Black "Jozefczyk, Szymon"]
[Result "1-0"]
[WhiteElo "2220"]
[BlackElo "1629"]
[PlyCount "89"]
[EventDate "2019.10.04"]
[EventType "swiss"]
[EventRounds "5"]
[EventCountry "POL"]
[SourceTitle "EXT 2020"]
[Source "ChessBase"]
[SourceDate "2019.10.17"]
[SourceVersion "1"]
[SourceVersionDate "2019.10.17"]
[SourceQuality "1"]

1. d4 Nf6 2. c4 c5 3. d5 b5 4. cxb5 a6 5. bxa6 d6 6. Nc3 Nbd7 7. e4 g6 8. Nf3 Bg7 9. Be2 0-0 10. 0-0 Bxa6 11. h3 Qb6 12. Re1 Ne8 13. Bxa6 Rxa6 14. Qe2 Nc7 15. Nd2 Rb8 16. Nc4 Qb7 17. Bd2 Nb6 18. Ne3 Na4 19. Nc4 Nb6 20. b3 Nxc4 21. bxc4 Ra3 22. Rab1 Qa7 23. Rxb8+ Qxb8 24. Rb1 Qa8 25. Qe1 Na6 26. Rb3 Nb4 27. Qc1 Rxb3 28. axb3 Bd4 29. Qb1 Bg7 30. Nb5 Qa1 31. Qxa1 Bxa1 32. Bxb4 cxb4 33. Kf1 Kf8 34. Ke2 Ke8 35. Kd3 Kd7 36. Nd4 Bc3 37. f4 f6 38. g4 Bb2 39. Ne2 g5 40. Kc2 Ba3 41. fxg5 fxg5 42. Nd4 Ke8 43. Nb5 Kf7 44. Nxa3 bxa3 45. b4 1-0

[Event "Dobczyce Dominik Memorial 27th"]
[Site "Dobczyce"]
[Date "2019.07.10"]
[Round "8"]
[White "Gbyl, Andrzej"]
[Black "Slabek, Grzegorz"]
[Result "0-1"]
[WhiteElo "2234"]
[BlackElo "1953"]
[PlyCount "76"]
[EventDate "2019.07.05"]
[EventType "swiss"]
[EventRounds "9"]
[EventCountry "POL"]
[SourceTitle "EXT 2020"]
[Source "ChessBase"]
[SourceDate "2019.10.17"]
[SourceVersion "1"]
[SourceVersionDate "2019.10.17"]
[SourceQuality "1"]

1. d4 Nf6 2. c4 b6 3. Nc3 Bb7 4. Nf3 e6 5. a3 d5 6. Bg5 Be7 7. Bxf6 Bxf6 8. cxd5 exd5 9. e3 0-0 10. Bd3 Ba6 11. Bxa6 Nxa6 12. Qa4 Nb8 13. 0-0 c6 14. Rac1 b5 15. Qc2 Nd7 16. e4 Nb6 17. exd5 Nxd5 18. Nxd5 cxd5 19. Qb3 a6 20. Rc5 Rc8 21. Rfc1 Qd7 22. g3 Rxc5 23. Rxc5 Rd8 24. Kg2 g5 25. Qd3 Re8 26. h3 h5 27. Nd2 Re1 28. Qf3 Qe6 29. Qxh5 Qf5 30. Rc7 Bxd4 31. f4 Kg7 32. h4 Rg1+ 33. Kh2 Rxg3 34. hxg5 Rd3 35. Nf3 Qxf4+ 36. Kg2 Qxc7 37. Qh6+ Kg8 38. g6 fxg6 0-1

[Event "Dobczyce Dominik Memorial 27th"]
[Site "Dobczyce"]
[Date "2019.07.09"]
[Round "6"]
[White "Luberanski, Jakub"]
[Black "Gbyl, Andrzej"]
[Result "0-1"]
[WhiteElo "2010"]
[BlackElo "2234"]
[PlyCount "140"]
[EventDate "2019.07.05"]
[EventType "swiss"]
[EventRounds "9"]
[EventCountry "POL"]
[SourceTitle "EXT 2020"]
[Source "ChessBase"]
[SourceDate "2019.10.17"]
[SourceVersion "1"]
[SourceVersionDate "2019.10.17"]
[SourceQuality "1"]

1. e4 e6 2. d4 d5 3. Nc3 Nf6 4. e5 Nfd7 5. f4 c5 6. Nf3 Nc6 7. Be3 Be7 8. Qd2 0-0 9. Be2 b6 10. 0-0 f5 11. Nd1 cxd4 12. Nxd4 Nxd4 13. Bxd4 Nc5 14. Nf2 a5 15. Bf3 Ba6 16. Rfe1 Rc8 17. Qe3 g5 18. c3 gxf4 19. Qxf4 Kh8 20. Nh3 Nd3 21. Qh6 Nxe1 22. Rxe1 Rc6 23. Nf4 Bg5 24. Ng6+ Kg8 25. Qxf8+ Qxf8 26. Nxf8 Kxf8 27. a3 Bd3 28. a4 Be7 29. Kf2 Be4 30. Be2 Bc5 31. Bb5 Bxd4+ 32. cxd4 Rc2+ 33. Re2 Rc1 34. g3 Rd1 35. Ke3 Ke7 36. Rd2 Rb1 37. Kf2 h6 38. Ke3 Rc1 39. Rf2 Rg1 40. Bf1 Kd8 41. Kf4 Bc2 42. Ke3 Bxa4 43. Rf4 Rh1 44. Rf2 Bb3 45. Bd3 Ke7 46. Kd2 Bc4 47. Bc2 Rg1 48. Bd1 Bb5 49. Bc2 Kf7 50. Bd1 Kg6 51. Bc2 Kg5 52. Bd1 Bc4 53. Ba4 b5 54. Bd1 a4 55. Bc2 h5 56. Kc3 h4 57. gxh4+ Kxh4 58. Kb4 Kh3 59. Rd2 Rh1 60. Rf2 Rxh2 61. Rf3+ Kg4 62. Rc3 f4 63. Bd1+ Kg5 64. Kc5 Rxb2 65. Kd6 Rd2 66. Bf3 Rd3 67. Rxd3 Bxd3 68. Kxe6 a3 69. Bxd5 Bc4 70. Bxc4 bxc4 0-1

[Event "Malopolska Region-chA"]
[Site "Krakow"]
[Date "2019.06.22"]
[Round "6"]
[White "Kasperek, Ryszard"]
[Black "Gbyl, Andrzej"]
[Result "0-1"]
[WhiteElo "2181"]
[BlackElo "2229"]
[PlyCount "50"]
[EventDate "2019.06.20"]
[EventType "swiss"]
[EventRounds "7"]
[EventCountry "POL"]
[SourceTitle "EXT 2020"]
[Source "ChessBase"]
[SourceDate "2019.10.17"]
[SourceVersion "1"]
[SourceVersionDate "2019.10.17"]
[SourceQuality "1"]

1. e4 c6 2. d4 d5 3. e5 c5 4. dxc5 Nc6 5. Bb5 Qa5+ 6. Nc3 e6 7. Nf3 Bxc5 8. 0-0 Bd7 9. Bd3 a6 10. a3 Qc7 11. Bf4 Nge7 12. Re1 f5 13. h4 h6 14. b4 Ba7 15. Qd2 Nd4 16. Ne2 Nxf3+ 17. gxf3 g5 18. hxg5 hxg5 19. Bxg5 Ng6 20. Kg2 Qxe5 21. Ng3 Qd6 22. Bxf5 Ne7 23. Bxe6 Bxe6 24. Rxe6 Qxe6 25. Re1 Qh3+ 0-1